| 000 | 00378nam a2200145Ia 4500 | ||
|---|---|---|---|
| 008 | 230917s9999||||xx |||||||||||||| ||und|| | ||
| 040 |
_e34896 _aMAIN |
||
| 041 | _aEnglish | ||
| 082 | _a342.5409 K193C | ||
| 100 | _aKapur, Anup Chand | ||
| 245 | 0 | _aConstitution history of India 1765-1970 | |
| 260 |
_aNew Delhi _bNiraj Prakashan _c1970 |
||
| 300 | _aviii, 894 p. | ||
| 942 | _cBK | ||
| 999 |
_c74965 _d74965 |
||